Big Data Analytics for the Prediction of Tourist Preferences Worldwide
Na minha lista:
| Autor principal: | |
|---|---|
| Outros Autores: | , |
| Formato: | Livro |
| Idioma: | inglês |
| Publicado em: |
Leeds
Emerald Publishing
2024
|
| Edição: | 1st Edition |
| Assuntos: | |
| Tags: |
Sem tags, seja o primeiro a adicionar uma tag!
|
MARC
| LEADER | 00000nam a2200000 4500 | ||
|---|---|---|---|
| 001 | 0311392 | ||
| 005 | 20250814105821.8 | ||
| 020 | |a 978-1-83549-338-0 | ||
| 041 | 0 | |a eng | |
| 044 | |a GB | ||
| 245 | 1 | 0 | |a Big Data Analytics for the Prediction of Tourist Preferences Worldwide |c by Dr. N. Padmaja, Dr. Rajalakshmi Subramaniam and Dr. Sanjay Mohapatra |
| 250 | |a 1st Edition | ||
| 264 | 1 | |a Leeds |b Emerald Publishing |c 2024 | |
| 300 | |a 123 s. | ||
| 500 | |a Emerald e-books. | ||
| 610 | 2 | 0 | |a ruch cestovný |
| 610 | 2 | 0 | |a politika ruchu cestovného |
| 610 | 2 | 0 | |a zber dát |
| 610 | 2 | 0 | |a analýza dát |
| 100 | 1 | |a Padmaja, N. | |
| 700 | 1 | |a Subramaniam, Rajalakshmi | |
| 700 | 1 | |a Mohapatra, Sanjay | |